00389pab a2200121 454500008004000000100002400040245009300064260000900157300001300166362001200179650004200191773003400233180718b1988 xxu||||| |||| 00| 0 eng d aFerrer, Richardo D. aPolitical economy of the AquinoregimebFrom liberalism to bureaucratic authoriatarianism c1988 aPE-63-72 a30 Jul. aGovernment Corporations - Philippines aEconomic and Political Weekly